000 01996nam a2200469 a 4500
001 ebr10670640
003 CaPaEBR
006 m u
007 cr cn|||||||||
008 121015s2013 enka sb 001 0 eng d
010 _z 2012038216
020 _z9783034302142 (alk. paper)
020 _z9783035304077 (e-book)
040 _aCaPaEBR
_cCaPaEBR
035 _a(OCoLC)847624999
043 _ae-ie---
_ae-uk-st
050 1 4 _aPB1096
_b.C45 2013eb
082 0 4 _a891.6
_223
245 0 0 _aCeltic connections
_h[electronic resource] :
_bIrish-Scottish relations and the politics of culture /
_cWilly Maley and Alison O'Malley-Younger (eds).
260 _aOxford ;
_aNew York :
_bPeter Lang,
_cc2013.
300 _aviii, 237 p. :
_bill.
490 1 _aReimagining Ireland,
_x1662-9094 ;
_vv. 38
504 _aIncludes bibliographical references and index.
533 _aElectronic reproduction.
_bPalo Alto, Calif. :
_cebrary,
_d2013.
_nAvailable via World Wide Web.
_nAccess may be limited to ebrary affiliated libraries.
650 0 _aCeltic literature
_xHistory and criticism.
650 0 _aEnglish literature
_xIrish authors
_xHistory and criticism.
650 0 _aEnglish literature
_xScottish authors
_xHistory and criticism.
650 0 _aPolitics and literature
_zIreland
_xHistory.
650 0 _aPolitics and literature
_zScotland
_xHistory.
650 0 _aComparative literature
_xIrish and Scottish.
650 0 _aComparative literature
_xScottish and Irish.
650 0 _aCivilization, Celtic.
650 0 _aNationalism and literature
_xColonies
_zGreat Britain
_xHistory.
651 0 _aIreland
_xIn literature.
651 0 _aScotland
_xIn literature.
655 7 _aElectronic books.
_2local
700 1 _aMaley, Willy.
700 1 _aO'Malley-Younger, Alison.
710 2 _aebrary, Inc.
830 0 _aReimagining Ireland ;
_vv. 38.
856 4 0 _uhttp://site.ebrary.com/lib/rucke/Doc?id=10670640
_zAn electronic book accessible through the World Wide Web; click to view
999 _c61749
_d61749